00495 2200193 4500001002100000008004100021035002000062245004200082100001400124110001500138260003500153300001200188020001800200084001400218082000800232990001900240990002100259990002100280INLIS000000000001313 ind  a0010-0724001313 aPengetahuan Tentang SepedacTia Malik aTia Malik aMalik, Tia aSurabayabInsan Cendekiac2008 a28 hlm. a979.9925.46.0 a625 TIA p a625 aP29/CP/24/1313 aP29/CP/24/1313.1 aP29/CP/24/1313.2